| 000 | 00941nam a2200253 i 4500 | ||
|---|---|---|---|
| 001 | 61959 | ||
| 003 | ES-MaACL | ||
| 005 | 20230906164559.0 | ||
| 007 | t| | ||
| 008 | 031114s1985 fr ||||1| spa d | ||
| 080 | _a343.4(728.5) | ||
| 245 | 0 | 3 |
_aLa realidad actual de Nicaragua / _cFédération Internationale des Droits de l'Homme. |
| 260 |
_aParis : _b[Centre d'Information et de Recherche sur l'Amerique Latine], _c1985. |
||
| 300 |
_a231 p., 14 lám. : _bil. ; _c21 cm. |
||
| 490 | 1 |
_aLes droits des peuples ; _v13 |
|
| 650 | 4 |
_aDerechos humanos- _zNicaragua. _9174655 |
|
| 651 | 4 |
_aNicaragua- _xPolítica y gobierno- _y1979-1990. _99121 |
|
| 710 | 2 |
_aFederación Internacional de Derechos Humanos. _94108 |
|
| 710 | 2 |
_aCentre d'Information et de Recherche sur l'Amerique Latine. _92548 |
|
| 830 | 1 |
_aLes droits des peuples ; _v13 _9230621 |
|
| 852 | 4 |
_aES-MaACL _jL-11752 |
|
| 852 | 4 |
_aES-MaACL _jD-3004 |
|
| 999 |
_c61959 _d61959 |
||